000 00918cab a2200205 4500
001 ABS37654
008 090401t1987 xxu||||| |||| 00| 0 eng d
035 _a(Sirsi) u5913
041 _aeng
100 _aSmith, K.
245 _aOwners and earnings : voyage of discovery
260 _c1987
350 _a0
490 _aContract Journal
_v14 May 1987, 14-18(4)
520 _aAn examination of company ownership of some of the largest UK groups involved in contracting or housebuilding . Includes names of chairman and directors, turnover figures, the different divisions of the firms and their subsidiaries. Companies covered are; Trafalgar House , Amec , John Laing , Tarmac , CH Beazer , Costain Group , Barratt Developments , George Wimpey , Newarthill , John Mowlem , Bicc , P&O , and Taylor Woodrow .
650 _aCOMPANY INFORMATION
690 _aBUILT ENVIRONMENT
942 _n0
948 _c04/03/1997
999 _c3539
_d3539